Responses for show #5504 - Thursday, July 10, 2008

Aaron Schroeder game 5.

Contestants

Tom Pusateri, a teacher from Clearwater, Florida

Joan Gardiner, an English department chairperson from Joppa, Maryland

Aaron Schroeder, a graduate student originally from Washington, D.C. (whose 4-day cash winnings total $103,902)

Jeopardy! Round responses

PHRASES IN THE KING JAMES BIBLE
(Alex: You have to name the main sport depicted in...)
SPORTS ON FILM
VEGETARIANS CAN EAT THAT?
"JE"-PARDY
I'M LIBYAN
ON A JET PLANE
    $200 11
Methuselah

Aaron
    $200 6
ice skating

Joan
    $200 12
bear claws

Aaron
    $200 17
(Tom: What is envy?)

jealousy

JoanTom
    $200 1
Qadaffi

Aaron
    $200 26
a 747

Aaron
    $400 19
the rod

Joan
    $400 7
(Joan: What is football?)

basketball

AaronJoan
    $400 13
an oyster

Aaron
    $400 18
Jefferson City(, Missouri)

Tom
    $400 2
Egypt

Joan
    $400 27
jet lag

Tom
    $600 20
(Aaron: What is "Am I not my brother's keeper?")
...
(Alex: Put the "not" in there and it changes it from five to six words.)

"Am I my brother's keeper?"

AaronTom
    $600 8
hockey

Aaron
    $600 14
worms

Aaron
    $600 23
the Jesuits

Aaron
    $600 3
OPEC

Aaron
    $1,500 28
the Korean War

Tom
    $800 21
salt of the earth

Tom
    $800 9
baseball

Joan
    $800 15
snails

Triple Stumper
    $800 24
(Alex: Don't see them often, [*].)

a jerboa

Triple Stumper
    $800 4
the Ottoman Empire

Aaron
    $800 29
(Bill) Lear

Joan
    $1000 22
"Physician, heal thyself!"

Triple Stumper
    $1000 10
golf

Tom
    $1000 16
tongue

Joan
    $1000 25
a jeremiad

Aaron
    $1000 5
Italy

Aaron
    $1000 30
(Joan: What is Aerojet?)

Airbus

AaronJoan

Scores at the first commercial break (after clue 15):

Aaron Joan Tom
$5,000 $1,000 $1,000

Scores at the end of the Jeopardy! Round:

Aaron Joan Tom
$7,200 $2,400 $4,500

Double Jeopardy! Round responses

"C"LASSICAL MUSICIANS
(Alex: You have to identify the TV show. We'll give you the...)
TV GROUPS
SHAKEN-UP SHAKESPEARE
GRAVE MATTERS
STRIKE FORCES
BODY LANGUAGE
    $400 25
Caruso

Joan
    $400 4
Lost

Tom
    $400 1
Hamlet

Joan
    $400 10
"Who is buried in Grant's tomb?"

Joan
    $400 20
Canada

Aaron
    $400 15
elbow

Joan
    $1,600 26
Maria Callas

Joan
    $800 5
Welcome Back, Kotter

Joan
    $800 2
Macbeth

Joan
    $800 11
Carrie Nation

Aaron
    $800 21
Great Britain

Joan
    $800 16
liver spots

Tom
    $1200 27
Van Cliburn

Joan
    $1200 6
Happy Days

Joan
    $1200 3
A Comedy of Errors

Tom
    $1200 12
Charlemagne

Aaron
    $1200 22
Germany

Aaron
    $1200 17
lip service

Aaron
    $1600 28
Pablo Casals

Joan
    $1600 7
(Joan: What is... Pondarosa?)

Northern Exposure

Joan
Triple Stumper
    $1600 9
King Lear

Tom
    $1600 13
Richelieu

Joan
    $1600 23
Russia

Tom
    $2,000 18
(Aaron: What is two left feet?)

you're pulling my leg

Aaron
    $2000 29
(Aaron) Copland

Aaron
    $2000 8
Newhart

Triple Stumper
    $2000 30
(Alex: That would be [*]. That's why they were merry.)

The Merry Wives of Windsor

Triple Stumper
    $2000 14
(Francisco) Pizarro

Aaron
    $2000 24
(Aaron: What is Kashmir?)
(Tom: What is Nepal?)

Tibet

AaronTom
Triple Stumper
    $2000 19
(Tom: What is a newton?)

foot-pounds

Tom
Triple Stumper

Scores at the end of the Double Jeopardy! Round:

Aaron Joan Tom
$12,000 $12,000 $6,100

[wagering suggestions for these scores]

Final Jeopardy! Round responses

SECRETARIES OF STATE
(Alex: And our response to that crisis in Europe acquired the name of this Secretary of State.)
TomWho is Marshall?
$100
JoanWho was Marshall?
$12,000
AaronWho is Marshall?
$12,000
George C. Marshall

Final scores:

Aaron Joan Tom
$24,000 $24,000 $6,200
5-day co-champion: $127,902 New co-champion: $24,000 2nd place: $2,000

Game dynamics:

Coryat scores:

Aaron Joan Tom
$14,000 $11,200 $5,200
21 R,
3 W
(including 1 DD)
19 R
(including 1 DD),
3 W
11 R
(including 1 DD),
3 W

Combined Coryat: $30,400

The J! Archive is created by fans, for fans. The Jeopardy! game show and all elements thereof, including but not limited to copyright and trademark thereto, are the property of Jeopardy Productions, Inc. and are protected under law. This website is not affiliated with, sponsored by, or operated by Jeopardy Productions, Inc. Join the discussion at JBoard.tv.